El otro Simón / (Registro nro. 6442)

Detalles MARC
000 -LEADER
fixed length control field 01380nam a22002657a 4500
003 - CONTROL NUMBER IDENTIFIER
control field OSt
005 - DATE AND TIME OF LATEST TRANSACTION
control field 20250619160824.0
008 - FIXED-LENGTH DATA ELEMENTS--GENERAL INFORMATION
fixed length control field 200206s2019 ck a|||jr|||| 00| f spa d
020 ## - INTERNATIONAL STANDARD BOOK NUMBER
International Standard Book Number 9789584277176
040 ## - CATALOGING SOURCE
Original cataloging agency CO-JMCR
Transcribing agency CO-JMCR
082 ## - DEWEY DECIMAL CLASSIFICATION NUMBER
Classification number J-N
Item number ROBo
100 1# - MAIN ENTRY--PERSONAL NAME
Personal name Robledo B., Beatriz Helena,
Relator term autor
9 (RLIN) 225
245 13 - TITLE STATEMENT
Title El otro Simón /
Statement of responsibility, etc. Beatriz Helena Robledo B. ; ilustraciones de Electrobudista
250 ## - EDITION STATEMENT
Edition statement Primera edición
260 ## - PUBLICATION, DISTRIBUTION, ETC.
Place of publication, distribution, etc. Bogotá :
Name of publisher, distributor, etc. Planeta,
Date of publication, distribution, etc. 2019
300 ## - PHYSICAL DESCRIPTION
Extent 70 páginas :
Other physical details ilustraciones a color ;
Dimensions 21 cm.
490 0# - SERIES STATEMENT
Series statement Planeta Junior
500 ## - GENERAL NOTE
General note Incluye datos biográficos de la autora.
504 ## - BIBLIOGRAPHY, ETC. NOTE
Bibliography, etc. note Bibliografía: página 70
520 ## - SUMMARY, ETC.
Summary, etc. Esta es la historia del joven Simón, quién dejó el llano para recorrer el territorio de la Nueva Granada detrás del sueño del otro Simón, el Libertador. Lo acompañaron su perrita Sacha, las historias de su padre y la ilusión de volver a ver a su abuela, en su camino, Simón vive las aventuras, las batallas y los sufrimientos de los miles de hombres y mujeres que, como él, dejaron sus hogares para buscar la libertad y la independencia en los paisajes helados de la sabana.
650 14 - SUBJECT ADDED ENTRY--TOPICAL TERM
Topical term or geographic name entry element Novela juvenil colombiana
9 (RLIN) 226
650 14 - SUBJECT ADDED ENTRY--TOPICAL TERM
Topical term or geographic name entry element Historia Guerra de independencia
General subdivision novela juvenil
Geographic subdivision Colombia
9 (RLIN) 227
700 1# - ADDED ENTRY--PERSONAL NAME
Personal name Camperos Durán, Adalberto,
Relator term ilustrador
9 (RLIN) 228
942 ## - ADDED ENTRY ELEMENTS (KOHA)
Source of classification or shelving scheme Dewey Decimal Classification
Koha item type Books
Existencias
Withdrawn status Lost status Source of classification or shelving scheme Damaged status Not for loan Collection code Home library Current library Shelving location Date acquired Source of acquisition Cost, normal purchase price Total Checkouts Full call number Barcode Date last seen Date last checked out Copy number Price effective from Koha item type
    Dewey Decimal Classification     Fiction Biblioteca Pública José María del Castillo y Rada Biblioteca Pública José María del Castillo y Rada Processing Center 12/18/2019 Donación 0.00 2 J-N ROBo 201809605 09/18/2025 09/17/2025 Ej.1 02/06/2020 Books